000 00359nam a2200133 i 4500
001 bg
100 1 _aTRENTOWSKI, Bronisław F.
245 0 _aPodstawy filozofii uniwersalnej. Wstęp do nauki o naturze /
_cBronisław F. Trentowski.
260 _aWarszawa,
_c1978.
040 _cBPK
041 _apol
942 _cKS
008 s pl f |000 0 pol
999 _c9939
_d9939
856 _uhttp://koha.tu.koszalin.pl/cgi-bin/koha/opac-detail.pl?biblionumber=9939
_yKatalog online BPK